| 000 | 00958nam a2200217 i 4500 | ||
|---|---|---|---|
| 001 | 167182 | ||
| 003 | ES-MaACL | ||
| 005 | 20250807211449.0 | ||
| 008 | 030613s1879 sp |||| | spa d | ||
| 100 | 1 |
_aVentura, Gioacchino, _d1792-1861 _eaut _9133616 |
|
| 245 | 1 | 3 |
_aEl apostolado de la mujer : _bdesde el origen del cristianismo hasta nuestros días / _cpor Ventura Raulica. |
| 260 |
_aMadrid ; _aBarcelona : _bEmilio Oliver y Cª, _c1879 _e(Barcelona : _fTip. de la Academia) |
||
| 300 |
_a1 volumen (352 páginas) ; _c16 cm. |
||
| 594 | _aPrecede al tít.: "Biblioteca de la Academia. Regalo a los suscriptores" | ||
| 650 | 7 |
_aMujeres en la Iglesia Católica _2embne _9155915 |
|
| 650 | 4 |
_aApostolado seglar _99923 |
|
| 852 |
_aES-MaACL _cDEPOF _fEx-libris ms. de Antonio Escobar Laredo _hDonativo de Antonio Escobar Laredo _jT-711-F-2 _xHolandesa |
||
| 942 |
_2udc _cFOLLETOS _n0 |
||
| 999 |
_c167182 _d167182 |
||